| 000 | 00658nam a22002057a 4500 | ||
|---|---|---|---|
| 999 |
_c158171 _d158171 |
||
| 005 | 20181018155537.0 | ||
| 010 | _aENG-124328 | ||
| 020 |
_a9789353064822 _c649.00 |
||
| 035 | _aEN-107860 | ||
| 037 | _bDBAD/PUB | ||
| 082 | _a658.404 | ||
| 100 | _aChandramouli, S. | ||
| 245 |
_aPMP certification-excl with ease: _cby S. Chandramouli _bbased on PMBOK / |
||
| 250 | _a6th ed. | ||
| 260 |
_aNoida _bPearson _c2019 |
||
| 270 |
_a15th Floor, Tower B, Worls Trade Tower, Plot No.1, Block -C _bNoida (UP) _e201301 |
||
| 300 |
_axxiv, 550p. _c24cm.(pbk) _bill. |
||
| 500 | _aIt includes key points and index | ||
| 942 |
_2ddc _cEN _h658.404 _mCHA |
||